| 000 | 00833cam a22002655 4500 | ||
|---|---|---|---|
| 001 | bimo0000458137 | ||
| 003 | |||
| 005 | 20230719092843.0 | ||
| 008 | 951113s19uu sp | ||| ||spa | ||
| 020 | _a9788478804894 | ||
| 040 |
_aBPMSU _bspa _cBPMSU _e |
||
| 082 | 4 |
_a923.546 _bF363S _222 |
|
| 100 | 1 |
_aSoriano, Manuel _0 |
|
| 245 | 1 | 0 |
_aSabino Fernández Campo : _bla sombra del rey _cManuel Soriano _h |
| 260 |
_aMadrid _bTemas de Hoy _c1995 |
||
| 300 |
_a605 p. _c23 cm |
||
| 490 | 0 | _aGrandes temas | |
| 500 | _aIncluye Índice | ||
| 500 | _aIncluye datos biográficos del autor en la solapa de la cubierta | ||
| 590 | _aInventariado, 2023/VM | ||
| 600 | 1 | 4 |
_aFernández Campo, Sabino _d1918-2009 _2 |
| 651 | 4 |
_aEspaña _xHistoria militar _ySiglo XX |
|
| 910 | _aVMateo V. Control de calidad. BPMSU | ||
| 942 |
_2ddc _cBK |
||
| 999 |
_c10652 _d10652 |
||